00345nam a22001217a 4500008004100000082001700041100001700058245006000075260003400135300001300169365000900182650003200191200106b ||||| |||| 00| 0 eng d00a621.43bP264 aParry, E. L.10aFoundations for gas and oil engines and other machinery aLondonbCharles Griffinc1930 avi,135p. d5.09 0aInternal Combustion Engines